书目信息 |
| 题名: |
生物化学原理
|
|
| 作者: | 怀特 , White 著 ;杨松榆 译 | |
| 分册: | 下册 | |
| 出版信息: | 北京 科学出版社 1979 |
|
| 页数: | 589-884页 | |
| 开本: | 26cm | |
| 丛书名: | ||
| 单 册: | ||
| 中图分类: | Q5 , Q599 | |
| 科图分类: | ||
| 主题词: | 生物化学--生物化学 | |
| 电子资源: | ||
| ISBN: | ||
| 000 | 00808nam0 2200289 45 | |
| 001 | 0179002447 | |
| 005 | 20060703150558.60 | |
| 010 | @dCNY1.90 | |
| 091 | @a13031.947 | |
| 100 | @a19950727d1979 em y0chiy0121 ea | |
| 101 | 1 | @achi@ceng |
| 102 | @aCN@b110000 | |
| 105 | @ay z 000yy | |
| 106 | @ar | |
| 200 | 10 | @a生物化学原理@Asheng wu hua xue yuan li@h下册@f(美)怀特(A.White,A.)等著@g杨松榆等译 |
| 210 | @a北京@c科学出版社@d1979 | |
| 215 | @a589-884页@d26cm | |
| 300 | @a书名原文:Principles of biochemistry. | |
| 510 | 1 | @aPrinciples of biochemistry@zeng |
| 606 | 0 | @a生物化学@a生物化学 |
| 690 | @aQ5@v3 | |
| 690 | @aQ599 | |
| 701 | 1 | @a怀特@Ahuai te@bA.@4著 |
| 701 | A1 | @aWhite@bA.@4著 |
| 702 | 0 | @a杨松榆@Ayang song yu@4译 |
| 801 | 0 | @aCN@bNLC@c20060703 |
| 905 | @f1@b25726@dQ5@e4:3 | |
| 生物化学原理.下册/(美)怀特(A.White,A.)等著/杨松榆等译.-北京:科学出版社,1979 |
| 589-884页;26cm |
| 书名原文:Principles of biochemistry. |
| ISBN :CNY1.90 |
| ● |
| 相关链接 |
|
|
|
|
正题名:生物化学原理
索取号:Q5/4:3
 
预约/预借
| 序号 | 登录号 | 条形码 | 馆藏地/架位号 | 状态 | 备注 |
| 1 | 0025726 | 001698416 | 第二样本阅览室/ [索取号:Q5/4:3] | 在馆 |